<?xml version="1.0" encoding="UTF-8"?>
<marc:record xmlns:marc="http://www.loc.gov/MARC21/slim">
   <marc:leader>00000nam a2200000 a 4500</marc:leader>
   <marc:datafield ind1="1" ind2=" " tag="100">
      <marc:subfield code="a">Otto, Gabriela Milli</marc:subfield>
      <marc:subfield code="4">aut</marc:subfield>
      <marc:subfield code="e">Verfasser/-in</marc:subfield>
   </marc:datafield>
   <marc:datafield ind1=" " ind2=" " tag="653">
      <marc:subfield code="a">Spannung</marc:subfield>
   </marc:datafield>
   <marc:datafield ind1=" " ind2=" " tag="653">
      <marc:subfield code="a">Humor</marc:subfield>
   </marc:datafield>
   <marc:datafield ind1=" " ind2=" " tag="653">
      <marc:subfield code="a">Unterhaltung</marc:subfield>
   </marc:datafield>
   <marc:datafield ind1=" " ind2=" " tag="653">
      <marc:subfield code="a">Roman</marc:subfield>
   </marc:datafield>
   <marc:datafield ind1=" " ind2=" " tag="653">
      <marc:subfield code="a">Softcover / Belletristik/Erzählende Literatur</marc:subfield>
   </marc:datafield>
   <marc:datafield ind1=" " ind2=" " tag="653">
      <marc:subfield code="a">Erzählende Literatur</marc:subfield>
   </marc:datafield>
   <marc:datafield ind1="0" ind2="0" tag="245">
      <marc:subfield code="a">Alles Nestroy</marc:subfield>
   </marc:datafield>
   <marc:datafield ind1="0" ind2="0" tag="245">
      <marc:subfield code="b">Eine Komödie über die Irrungen und Wirrungen des Lebens und der Liebe</marc:subfield>
   </marc:datafield>
   <marc:datafield ind1="0" ind2="0" tag="245">
      <marc:subfield code="c">Gabriela Milli Otto</marc:subfield>
   </marc:datafield>
   <marc:datafield ind1=" " ind2="1" tag="264">
      <marc:subfield code="a">Wien</marc:subfield>
      <marc:subfield code="b">Morawa Lesezirkel</marc:subfield>
      <marc:subfield code="c">2018</marc:subfield>
   </marc:datafield>
   <marc:datafield ind1=" " ind2=" " tag="250">
      <marc:subfield code="a">1. Auflage</marc:subfield>
   </marc:datafield>
   <marc:datafield ind1="1" ind2=" " tag="520">
      <marc:subfield code="a">Angaben aus der Verlagsmeldung

Alles Nestroy : Eine Komödie über die Irrungen und Wirrungen des Lebens und der Liebe / von Gabriela Milli Otto

Was haben Salome, die extravagante Inhaberin der Talisman Bar, ihr kleiner Hund Nepomuk, Migo, der schwule Besitzer des Rosenstainer Marionettenvarietés, dessen Freund Leonardo, der ein bisschen aussieht wie der Bayernkönig Ludwig II., die Bridge spielende Hausfrau Traude, ihr Mann Michael, Generaldirektor der Erste Versicherung, Gertrude, ehemalige Parfümerieverkäuferin und zukünftige Pressesprecherin der Bürgermeisterin, Heinzi, Chef der hiesigen Stadtpolizei, sowie die Bürgermeisterin im Dirndl gemeinsam?

Sie alle sind befreundet mit Paula Klein, Ehefrau des Finanzministers Dr. Anton Riegler, den keiner leiden kann, wohnen in der kleinen beschaulichen Stadt Rosenstain und lieben, jeder auf seine Art, Johann Nepomuk Nestroy. Und nicht nur ihn.

Eine Geschichte über das Leben, die Leidenschaft und die Liebe, und dann fällt auch noch ein Schuss, irrtümlich, und eine wichtige Person ist nicht mehr wichtig, da außer Dienst.

Und überhaupt, was wäre Rosenstain ohne ihre Operettendiva Mizzi und ohne wichtig dreinschauende Politiker, und, das ist jetzt aber wirklich ganz wichtig, ohne Schuhsalon?

Irgendwie lustig, dieses Rosenstain.

Alles Nestroy ist voller geistreicher Pointen, wunderbar schrägen Charakteren, hat Witz und ist spannend.

Treffpunkt Literaturcafe
</marc:subfield>
   </marc:datafield>
   <marc:datafield ind1=" " ind2=" " tag="020">
      <marc:subfield code="a">9783990704479</marc:subfield>
      <marc:subfield code="9">9783990704479</marc:subfield>
   </marc:datafield>
   <marc:datafield ind1=" " ind2=" " tag="020">
      <marc:subfield code="a">3990704478</marc:subfield>
      <marc:subfield code="9">3990704478</marc:subfield>
   </marc:datafield>
   <marc:datafield ind1=" " ind2=" " tag="041">
      <marc:subfield code="a">ger</marc:subfield>
   </marc:datafield>
   <marc:datafield ind1=" " ind2=" " tag="300">
      <marc:subfield code="a">180 Seiten</marc:subfield>
   </marc:datafield>
</marc:record>
